000
00409nam a2200145Ia 4500
008
100204s9999 xx 000 0 und d
082
_b
4801
100
_a
धारप नारायण
245
_a
व्दैत
260
_b
"दिपज्योती प्रकाशन , पुणे"
_c
1976
300
_a
138
630
_a
व्दैत
730
_a
व्दैत
942
_c
BOOK
999
_c
449486
_d
449483